INFORME DE EJERCICIO PROFESIONAL SUPERVISADO, REALIZADO EN EL PROGRAMA DE DESARROLLO INTEGRAL PARA EL DEPARTAMENTO DE EL QUICHÉ./ (Registro nro. 2274)
[ vista simple ]
| 000 -LEADER | |
|---|---|
| campo de control de longitud fija | 02951nam a22003257a 4500 |
| 001 - NÚMERO DE CONTROL | |
| campo de control | TZ 0034 |
| 003 - IDENTIFICADOR DE NÚMERO DE CONTROL | |
| campo de control | gtcocun |
| 005 - FECHA Y HORA DE LA ÚLTIMA TRANSACCIÓN | |
| campo de control | 20251007174700.0 |
| 006 - CÓDIGOS DE INFORMACIÓN DE LONGITUD FIJA--CARACTERÍSTICAS DEL MATERIAL ADICIONAL | |
| campo de control de longitud fija | a||||gr|||| 00| 0 |
| 007 - CAMPO FIJO DE DESCRIPCIÓN FÍSICA--INFORMACIÓN GENERAL | |
| campo de control de longitud fija | ta |
| 008 - DATOS DE LONGITUD FIJA--INFORMACIÓN GENERAL | |
| campo de control de longitud fija | 251007b2008 gt ||||| m||| 00| 0 eng d |
| 040 ## - FUENTE DE CATALOGACIÓN | |
| Centro catalogador/agencia de origen | gtcocun |
| Lengua de catalogación | SPA |
| Centro/agencia transcriptor | gtcocun |
| Normas de descripción | RDA |
| 041 ## - CÓDIGO DE IDIOMA | |
| Código de lengua del texto/banda sonora o título independiente | SPA TZ 0034 |
| 084 ## - OTRO NÚMERO DE CLASIFICACIÓN | |
| Número de control del registro de autoridad o número normalizado | TZ 0034 |
| 100 ## - ENTRADA PRINCIPAL--NOMBRE DE PERSONA | |
| Nombre de persona | Juárez Barrientos, Luis Rolando |
| Término indicativo de función/relación | Autor |
| 245 ## - MENCIÓN DEL TÍTULO | |
| Título | INFORME DE EJERCICIO PROFESIONAL SUPERVISADO, REALIZADO EN EL PROGRAMA DE DESARROLLO INTEGRAL PARA EL DEPARTAMENTO DE EL QUICHÉ./ |
| Mención de responsabilidad, etc. | Luis Rolando Juárez Barrientos. |
| Medio | Impreso |
| 264 ## - PRODUCCIÓN, PUBLICACIÓN, DISTRIBUCIÓN, FABRICACIÓN Y COPYRIGHT | |
| Producción, publicación, distribución, fabricación y copyright | Cobán, Alta Verapaz: |
| Nombre del de productor, editor, distribuidor, fabricante | Universidad de San Carlos de Guatemala, Centro Universitario del Norte, Zootecnia |
| Fecha de producción, publicación, distribución, fabricación o copyright | 2008 |
| 300 ## - DESCRIPCIÓN FÍSICA | |
| Extensión | 57 p.: |
| Otras características físicas | Ilustraciones, gráficas. |
| Dimensiones | 28 cm; |
| 336 ## - TIPO DE CONTENIDO | |
| Fuente | rdacontenido |
| Término de tipo de contenido | Texto |
| Código de tipo de contenido | txt |
| 337 ## - TIPO DE MEDIO | |
| Fuente | rdamedio |
| Nombre/término del tipo de medio | Computadora |
| Código del tipo de medio | n |
| 338 ## - TIPO DE SOPORTE | |
| Fuente | rdasoporte |
| Nombre/término del tipo de soporte | Código en línea |
| Código del tipo de soporte | cr |
| 502 ## - NOTA DE TESIS | |
| identificador de la tesis | TZ 0034 |
| 502 ## - NOTA DE TESIS | |
| Nota de tesis | Tesis de grado |
| Tipo de título | Zootecnia, |
| Nombre de la institución que otorga el título | Universidad de San Carlos de Guatemala, Centro Universitario del Norte, Zootecnia |
| Año de obtención del título | 2008 |
| Identificador de la tesis | TZ 0034 |
| 520 14 - RESUMEN, ETC. | |
| Sumario, etc. | Durante el desarrollo del Ejercicio Profesional Supervisado, se llevaron a cabo actividades tanto de implementación de proyectos nuevos así como seguimiento a proyectos que iniciaron a finales del año 1998.<br/><br/>Se designó como comunidad sede del Ejercicio Profesional Supervisado (E.P.S.) la comunidad San Antonio Sinaché del Municipio de Zacualpa, en el Departamento de Quiché, por haberse encontrado en la<br/>comunidad las condiciones necesarias para la ejecución de un proyecto de engorde de ganado bovino. Se formularon las recomendaciones necesarias hacia el área pecuaria del Programa de Desarrollo Integral de EL Quiché, con el fin de que la comunidad fuera beneficiada con la asignación del proyecto anteriormente mencionado. De igual forma se realizó en otras comunidades solicitantes, recomendándolas de acuerdo<br/>con el potencial que se observara en la comunidad para la ejecución del proyecto solicitado.<br/><br/>Como una contribución tanto del Programa de Desarrollo para el Departamento de El Quiche y del Centro Universitario, se llevó a cabo la capacitación a promotores agropecuarios de la Asociación de Desarrollo<br/>Comunitario (ASDECO) interesados en obtener conocimientos técnicos en el manejo y reproducción de animales domésticos.<br/><br/>Durante el desarrollo del Ejercicio Profesional Supervisado se trabajaron con tres especies: Aves de engorde, producción de ovinos y<br/>bovinos; a la vez se capacitó a los beneficiarios en aspectos de sanidad y<br/>profilaxis. |
| 650 14 - PUNTO DE ACCESO ADICIONAL DE MATERIA--TÉRMINO DE MATERIA | |
| Fuente del encabezamiento o término | LEMB |
| Término de materia o nombre geográfico como elemento de entrada | El Quiché. |
| Subdivisión general | Zootecnia |
| -- | Bovino |
| -- | Desarrollo integral |
| -- | Agropecuarios |
| -- | Profilaxis |
| -- | Comunitario |
| 700 ## - ENTRADA AGREGADA--NOMBRE PERSONAL | |
| Nombre de persona | Lic. Zoot. Julio Antonio Estrada Osorio |
| Término indicativo de función/relación | Asesor |
| 856 ## - LOCALIZACIÓN Y ACCESO ELECTRÓNICOS | |
| Identificador Uniforme de Recurso | <a href="https://drive.google.com/file/d/1hr0Fsh72yTTDGk50jOqQ-wENFdgyXHJA/view">https://drive.google.com/file/d/1hr0Fsh72yTTDGk50jOqQ-wENFdgyXHJA/view</a> |
| Texto de enlace | |
| Nota pública | Un ejemplar en línea. |
| 942 ## - ELEMENTOS DE ENTRADA SECUNDARIOS (KOHA) | |
| Fuente de la clasificación o esquema de estantería | Clasificación Decimal Dewey |
| Tipo de ítem Koha | TESIS |
| Parte de la signatura que identifica el ejemplar (Parte del ítem) | TZ 0034 |
| Prefijo de la signatura | Clasificación |
| Suprimir en OPAC | No |
| -- | TZ_0034_000000000000000 |
| Estatus retirado | Estado de pérdida | Fuente de la clasificación o esquema de estantería | Estado de daño | No para préstamo | Colección | Biblioteca de origen | Biblioteca actual | Ubicación en estantería | Fecha de adquisición | Número de inventario | Total de préstamos | Signatura topográfica completa | Código de barras | Visto por última vez | Precio de reemplazo | Tipo de ítem Koha |
|---|---|---|---|---|---|---|---|---|---|---|---|---|---|---|---|---|
| Clasificación Decimal Dewey | tesis | BIBLIOTECA- CUNOR -JOSÉ LUIS GONZALES ROSALES | BIBLIOTECA- CUNOR -JOSÉ LUIS GONZALES ROSALES | Colección tesis | 16/09/2025 | TZ 0034 | TZ 0034 | TZ 0034 | 16/09/2025 | 16/09/2025 | TESIS |